000 00842nam a2200301Ia 4500
008 170711s9999 xx 000 0 und d
020 _a9780385533768
050 _a364.1
050 _bL665 2011
100 _aLevine, Robert
245 _aFree ride :
245 _bhow digital parasites are destroying the culture business, and how the culture business can fight back /
245 _cRobert Levine.
250 _aFirst edition.
260 _aUSA :
260 _bRandom House,
260 _c2011
300 _a307 pages :
300 _billustrations ;
300 _c24cm.
500 _aIncludes notes, bibliographic reference and index.
650 _aCultural industries.
650 _aDigital media.
650 _aInternet.
650 _aMass media --
650 _xTechnological innovations.
700 _aTitle.
999 _c339539
_d339539